[Event "Monarch Assurance Isle of Man 8th"]
[Site "Port Erin IOM"]
[Date "1999.11.14"]
[Round "9"]
[White "Sutovsky, Emil"]
[Black "Shipov, Sergei"]
[Result "1/2-1/2"]
[WhiteElo "2587"]
[BlackElo "2658"]
[PlyCount "43"]
[EventDate "1999.11.06"]
[EventType "swiss"]
[EventRounds "9"]
[EventCountry "IOM"]

1. e4 c5 2. Nf3 d6 3. d4 Nf6 4. Nc3 cxd4 5. Nxd4 e6 6. Be3 Nc6 7. Be2 a6 8. f4
Be7 9. O-O O-O 10. a4 Qc7 11. Qe1 Nxd4 12. Bxd4 e5 13. Be3 exf4 14. Bxf4 Be6
15. Qg3 Nd7 16. Bh6 Qc5+ 17. Kh1 Qe5 18. Bf4 Qc5 19. Be3 Qe5 20. Bf4 Qc5 21.
Bh6 Qe5 22. Bf4 1/2-1/2

[Event "Monarch Assurance Isle of Man 8th"]
[Site "Port Erin IOM"]
[Date "1999.11.14"]
[Round "9"]
[White "Thorfinnsson, Bjorn"]
[Black "Player, Edmund"]
[Result "1-0"]
[WhiteElo "2195"]
[BlackElo "2105"]
[PlyCount "49"]
[EventDate "1999.11.06"]
[EventType "swiss"]
[EventRounds "9"]
[EventCountry "IOM"]

1. d4 d5 2. Bg5 Nd7 3. e3 Ngf6 4. Bd3 c5 5. c3 Qb6 6. b3 e6 7. f4 Bd6 8. Nf3
cxd4 9. exd4 h6 10. Bxf6 Nxf6 11. Ne5 Bd7 12. Qe2 a6 13. O-O Bb5 14. Nd2 O-O
15. Kh1 Bxd3 16. Qxd3 Ba3 17. Rf3 Rfc8 18. Rg1 Rc7 19. g4 Rac8 20. g5 hxg5 21.
fxg5 Nd7 22. g6 Nxe5 23. dxe5 Rf8 24. Rh3 f6 25. Rh8+ 1-0

[Event "Monarch Assurance Isle of Man 8th"]
[Site "Port Erin IOM"]
[Date "1999.11.14"]
[Round "9"]
[White "Tiviakov, Sergei"]
[Black "Maki-Uuro, Miikka"]
[Result "1-0"]
[WhiteElo "2611"]
[BlackElo "2363"]
[PlyCount "97"]
[EventDate "1999.11.06"]
[EventType "swiss"]
[EventRounds "9"]
[EventCountry "IOM"]

1. e4 c5 2. Nf3 d6 3. d4 Nf6 4. Nc3 cxd4 5. Nxd4 a6 6. Be3 e5 7. Nb3 Be6 8. f3
Nbd7 9. g4 b5 10. g5 b4 11. Ne2 Nh5 12. Qd2 Be7 13. Ng3 Nf4 14. Bxf4 exf4 15.
Nh5 O-O 16. h4 Ne5 17. Be2 d5 18. O-O-O dxe4 19. Qxf4 Qc7 20. Qxe4 g6 21. Nf4
Bf5 22. Nd5 Bxe4 23. Nxc7 Rac8 24. fxe4 Rxc7 25. Rd5 Nc4 26. Bd3 Re8 27. Rh3 f6
28. Nd2 Nxd2 29. Kxd2 fxg5 30. hxg5 Rd8 31. Ra5 Rc5 32. Rxa6 Bxg5+ 33. Ke2 Bf4
34. a3 bxa3 35. Rxa3 Rb8 36. b3 h5 37. Ra7 Rc7 38. Ra6 Rg7 39. e5 g5 40. Bc4+
Kf8 41. Rf6+ Ke8 42. Rxh5 Bxe5 43. Re6+ Re7 44. Rxg5 Rxe6 45. Bxe6 Bd6 46. Rg7
Rb5 47. Kd3 Re5 48. Rg6 Ke7 49. Bg4 1-0